| 000 | 02003cam a22004697i 4500 | ||
|---|---|---|---|
| 001 | 18748079 | ||
| 003 | NUST | ||
| 005 | 20210727113242.0 | ||
| 008 | 150818t20162016ilua 000 0 eng d | ||
| 010 | _a 2015949491 | ||
| 020 | _a9780996058728 (hbk.) | ||
| 020 | _a0996058729 (hbk.) | ||
| 035 | _a(OCoLC)ocn932018730 | ||
| 038 | _awaseem | ||
| 040 |
_aJBL _beng _erda _cJBL _dOCLCF _dMUU _dBTCTA _dDLC |
||
| 042 | _alccopycat | ||
| 050 | 0 | 0 |
_aTR810 _b.L25 2016 |
| 082 | 0 | 4 |
_a779.930776 _bLAF |
| 100 | 1 |
_aLaforet, Vincent, _ephotographer. _981101 |
|
| 245 | 1 | 0 |
_aAIR / _cVincent Laforet ; foreword by astronaut Donald R. Pettit. |
| 250 | _a2nd edition. | ||
| 264 | 1 |
_aChicago, Illinois : _bPress Syndication Group, _c2016. |
|
| 264 | 4 | _c©2016 | |
| 300 |
_a223 pages : _bchiefly color illustrations ; _c38 cm |
||
| 336 |
_astill image _bsti _2rdacontent |
||
| 336 |
_atext _btxt _2rdacontent |
||
| 337 |
_aunmediated _bn _2rdamedia |
||
| 338 |
_avolume _bnc _2rdacarrier |
||
| 505 | 0 | _aNew York -- Chicago -- Los Angeles -- Berlin -- London -- Miami -- San Francisco -- Barcelona -- Sydney. | |
| 520 | _aA collection of aerial photographs of New York City, Chicago, Los Angeles, Las Vegas, Berlin, London, Miami, San Francisco, Barcelona and Sydney, taken by photographer Vincent Laforet from altitudes between 5,000 and almost 12,000 feet. | ||
| 563 | _aHBK. | ||
| 650 | 0 |
_aCities and towns _vAerial photographs. _981102 |
|
| 650 | 0 |
_aCities and towns _vPictorial works. _981103 |
|
| 650 | 7 |
_aCities and towns. _2fast _0(OCoLC)fst00861748 |
|
| 655 | 7 |
_aAerial photographs. _2fast _0(OCoLC)fst01423684 _981104 |
|
| 655 | 7 |
_aPictorial works. _2fast _0(OCoLC)fst01423874 _981105 |
|
| 655 | 7 |
_aAerial photographs. _2lcgft _981104 |
|
| 700 | 1 |
_aPettit, Donald R., _ewriter of foreword. _981106 |
|
| 906 |
_a7 _bcbc _ccopycat _d2 _eepcn _f20 _gy-gencatlg |
||
| 942 |
_2ddc _cBK |
||
| 999 |
_c586035 _d586035 |
||